Расшифруйте эти аббревиатуры - Statistics

General Stats
  • This quiz has been taken 37 times
  • The average score is 15 of 50
Answer Stats
Аббревиатура Расшифровка % Correct
СССР союз советских социалистических республик
97%
МВД министерство внутренних дел
79%
КПСС коммунистическая партия советского союза
73%
МГУ Московский государственный университет
70%
МИД министерство иностранных дел
64%
КМС кандидат в мастера спорта
55%
ГТО готов к труду и обороне
52%
ПМЖ постоянное место жительства
52%
БОМЖ без определённого места жительства
48%
ВМФ военно-морской флот
48%
УВД управление внутренних дел
45%
ЦК центральный комитет
45%
ЖКТ желудочно-кишечный тракт
45%
ЧТД что и требовалось доказать
39%
ВНЖ вид на жительство
39%
ХЗ х... знает / хрен знает
39%
СК следственный комитет
39%
ЖК жилой комплекс
39%
ГАИ государственная автоинспекция
33%
РНК рибонуклеиновая кислота
33%
ТТ Тульский-Токарев
27%
ГАЗ горьковский автомобильный завод
27%
ЗППП заболевания, передающиеся половым путём
27%
ОРЗ острое респираторное заболевание
24%
ОРВИ острая респираторная вирусная инфекция
24%
СБУ служба безопасности Украины
24%
БТР бронетранспортёр
24%
ДНК дезоксирибонуклеиновая кислота
24%
ВСУ вооружённые силы Украины
21%
ПНД психо-неврологический диспансер
18%
АП администрация президента
18%
ГУР главное управление разведки
18%
ПТСР посттравматическое стрессовое расстройство
18%
МТС моторно-тракторная станция / мобильные телесистемы
15%
КВД кожно-венерологический диспансер
15%
КПЗ камера предварительного заключения
15%
ЧК чрезвычайная комиссия
15%
БМП боевая машина пехоты
15%
ПТУ профессионально-техническое училище
9%
ПТУР противотанковая управляемая ракета
9%
ФНБ фонд национального благосостояния
9%
ОДКБ организация договора о коллективной безопасности
6%
ПВЗ пункт временного заключения
6%
РХБЗ радиационная, химическая и биологическая защита
6%
РПГ ручной противотанковый гранатомёт
6%
РПП расстройства пищевого поведения
6%
ДСП древесно-стружечная плита
3%
ППС постовая патрульная служба
3%
ДПЮ детская подготовка юниоров
0%
АвтоВАЗ автомобильный воронежский автомобильный завод
0%
No matching quizzes found
Score Distribution
Percent of People with Each Score
Percentile by Number Answered
Your Score History
You have not taken this quiz